Sam Francis (Record no. 4714)

MARC details
000 - LÍDER
campo de control de longitud fija 00827nam a2200193Ia 4500
008 - ELEMENTOS DE DATOS DE LONGITUD FIJA - INFORMACIÓN GENERAL
campo de control de longitud fija 0000002005 ne a 0000000000eng00
020 ## - INTERNATIONAL STANDARD BOOK NUMBER
International Standard Book Number 9073392160
090 ## - NÚMERO DE LLAMADA DE TIPO LC LOCALMENTE ASIGNADO (OCLC)
Número de clasificación (OCLC) (R) PUS00 B64s
110 1# - ENTRADA PRINCIPAL - NOMBRE CORPORATIVO
Nombre corporativo o nombre de jurisdicción como elemento de entrada Bolhoven, Marlies
245 10 - TÍTULO DECLARACIÓN
Título Sam Francis
Declaración de responsabilidad / text Marlies Bolhoven
260 ## - PUBLICACIÓN, DISTRIBUCIÓN
Lugar de publicación Amsterdam : Galery Delaive
Fecha de publicación 2005
300 ## - DESCRIPCIÓN FÍSICA
Alcance 96 p.
Dimensiones / 27 cm.
500 ## - NOTA GENERAL
Nota general Texto en inglés \ Libro elaborado y con copyright de Gallery Delaive, Amsterdam, Samuel L. francis Art Museum and the Sam francis Foundation, Santa Monica, california \ Con el patronazgo del maestro venezolano Jesús Rafael Soto (q.e.p.d.)
600 00 - ENTRADA DE SUJETO AÑADIDO - NOMBRE PERSONAL
Nombre de la persona FRANCIS, SAM, 19231994/
Subdivisión general TRABAJOS PICTORICOS
650 14 - ENTRADA DE SUJETO AÑADIDO - TÉRMINO TÓPICO
Término tópico o elemento de entrada del nombre geográfico PINTURA ESTADOUNIDENSE
650 14 - ENTRADA DE SUJETO AÑADIDO - TÉRMINO TÓPICO
Término tópico o elemento de entrada del nombre geográfico ARTE CONTEMPORANEO ESTADOUNIDENSE
650 14 - ENTRADA DE SUJETO AÑADIDO - TÉRMINO TÓPICO
Subdivisión general CATALOGOS
650 14 - ENTRADA DE SUJETO AÑADIDO - TÉRMINO TÓPICO
Término tópico o elemento de entrada del nombre geográfico PINTORES ESTADOUNIDENSES
Holdings
Estado de retirada Pérdida de estatus Estado dañado No para préstamo Código de recogida Ubicación permanente Ubicación actual Ubicación de las estanterías Fecha de adquisición Número de llamada completo Código de barras Fecha de la última vez que se vio Número de copia Precio efectivo desde Tipo de artículo Koha
        General ArtNexus ArtNexus General 06/09/2022 P-US-00 B64S 4718 06/09/2022 Ej.1 06/09/2022 Libro

Powered by Koha